French Regions - Statistics

General Stats
  • This quiz has been taken 997 times
    183 since last reset
  • The average score is 13 of 18
Answer Stats
Capital Answer % Correct
Rennes Brittany
90%
Paris Île-de-France
87%
Rouen Normandy
87%
Marseille Provence-Alpes-Côte d'Azur
85%
Ajaccio Corsica
81%
Cayenne French Guiana
77%
Strasbourg Grand Est
73%
Toulouse Occitanie
71%
Lyon Auvergne-Rhône-Alpes
70%
Dijon Bourgogne-Franche-Comté
70%
Bordeaux Nouvelle-Aquitaine
69%
Nantes Pays de la Loire
68%
Saint-Denis Réunion
68%
Basse-Terre Guadeloupe
67%
Fort-de-France Martinique
67%
Orléans Centre-Val de Loire
64%
Lille Hauts-de-France
62%
Mamoudzou Mayotte
57%
No matching quizzes found
Score Distribution
Percent of People with Each Score
Percentile by Number Answered
Your Score History
You have not taken this quiz since the last reset